000 00686nam a22002177a 4500
005 20251108175048.0
008 250721s2011 xx 000 0 ara d
082 1 4 _aم/ط/031/موس
100 1 _aقبيعة، محمد جمال
_eمترجم
245 1 0 _aالحائزون على جائزة نوبل للسلام /
246 1 1 _aPeace Nobel Laureates
264 1 _aبيروت :
_bدار الراتب الجامعية،
_c2011.
300 _a107ص.
650 1 7 _aالموسوعات
650 1 7 _aالاطفال
650 1 7 _aالسلام
653 _aمرحلة ناشؤون صغار (10-14) سنة
653 _aجائزة نوبل
942 _2ddc
_cBK
999 _c125215
_d125215